000 00456nam a2200193 4500
001 1934
005 20260410055601.0
008 0
020 _a87654321765
040 _c0
082 _a920.5
100 _arrANGANATHAN, S.R.
245 _aRESEARCH IN LIBRARY SCIENCE
_cRANGANATHAN,S.R.
250 _aSECOND EDITION
260 _aNEW DELHI
_bGOPI PUBLISHERS
_c2026
300 _c300P. 260 RS.12 CMS
650 _aRESEARCH, INDIA
942 _2ddc
_cBOOK
_n0
999 _c1934
_d1934